Football: Les meilleurs buteurs de ces équipes anglaises. #2 - Statistiques

Statistiques générales
  • Ce quiz a été pris 193 fois
  • Le résultat moyen est 19 sur 30
Statistiques - réponses
Equipes Pays Joueurs % Correct
Portugal Cristiano Ronaldo
97%
Liverpool FC Egypte Mohamed Salah
97%
Arsenal FC France Thierry Henry
97%
Manchester United Angleterre Wayne Rooney
92%
Côte d'Ivoire Didier Drogba
91%
Norvège Erling Haaland
91%
Tottenham Hotspurs Angleterre Harry Kane
91%
Corée du Sud Heung Min Son
91%
Sénégal Sadio Mané
91%
Manchester City Argentine Sergio Aguero
90%
Belgique Eden Hazard
84%
Belgique Kevin De Bruyne
84%
Pays Bas Robin Van Persie
80%
Pays de Galles Ryan Giggs
80%
Pays de Galles Gareth Bale
78%
Chelsea FC Angleterre Frank Lampard
71%
Angleterre Steven Gerrard
68%
France Olivier Giroud
63%
Pays Bas Ruud Van Nistelrooy
63%
Pays Bas Dennis Bergkamp
53%
Angleterre Raheem Sterling
50%
Irlande Robbie Keane
47%
Angleterre Michael Owen
45%
Angleterre Paul Scholes
38%
Islande Eidur Gudjohnsen
18%
Angleterre Jermain Defoe
18%
Angleterre Theo Walcott
18%
Pays Bas Jimmy Floyd Hasselbaink
12%
Angleterre Robbie Fowler
11%
Bermudes Shaun Goater
2%
Aucun quiz correspondant
Distribution des résultats
% des personnes avec chaque résultat
Percentile par nombre de réponses
Votre historique - résultats
Vous n’avez pas pris ce quiz